impractical jokers - Statistics

General Stats
  • This quiz has been taken 641 times
    640 since last reset
  • The average score is 7 of 15
Answer Stats
hint Answer % Correct
which impractical joker has lost the least episodes? joe
99%
whitch joker "invented" waterproof bread? Q
91%
what is sals last name? vulcano
77%
which impractical jokers had to strip in a high-5 competition? murr and joe
59%
what body parts did murr get pierced in a punishment? both nipples
58%
what possession was burned by the jokers from murr? blanket
50%
what is the cat-mans name? benjamin
47%
what is murrs opening phrase? i want my mommy
44%
which jokers lost the punishment with qs best friend? sal and murr
44%
what item was supposedly in the elephant poop? car keys
41%
in what outfit does q wrestle a man in? peter pan
34%
what restaurant does the cat man appear at? white castle
31%
what is the punishment band name of joes and sals band? senora lanza
20%
where did q make the bet that made him lose an episode? texas
20%
who was murrs ex who he cheated on? tara
19%
No matching quizzes found
Score Distribution
Percent of People with Each Score
Percentile by Number Answered
Your Score History
You have not taken this quiz since the last reset